[Event "Mondiale Lampo FIDE 2019"]
[Site "Mosca"]
[Date "30.12.2019"]
[Round "14.79"]
[White "Kazakouski, Valery"]
[Black "Piorun, Kacper"]
[Result "1-0"]
[WhiteTitle "IM"]
[BlackTitle "GM"]
[WhiteElo "2485"]
[BlackElo "2611"]
[WhiteFideId "13507443"]
[BlackFideId "1130420"]
[EventDate "2019.12.29"]

1. d4 f5 2. Bg5 h6 3. Bf4 Nf6 4. e3 d6 5. h3 g5 6. Bh2 e6 7. c4 Bg7 8. Nc3 O-O
9. Qc2 Nc6 10. Nf3 Qe8 11. d5 Nb4 12. Qb3 a5 13. dxe6 Na6 14. Qc2 Bxe6 15. Be2
Nc5 16. Nd4 Bd7 17. O-O Nfe4 18. Nd5 Rc8 19. Rae1 Ne6 20. Nf3 Kh8 21. Nd2 Nxd2
22. Qxd2 a4 23. Qc2 Qf7 24. f4 gxf4 25. exf4 c6 26. Nc3 a3 27. b3 d5 28. Qd2 d4
29. Nd1 Nc5 30. Bf3 Rfe8 31. Nf2 Qg6 32. Qc2 Re3 33. Rxe3 dxe3 34. Nd1 Re8 35.
Kh1 Qd6 36. Re1 Qd4 37. Bg1 Qxf4 38. Bxe3 Qd6 39. Nf2 f4 40. Bd2 Rxe1+ 41. Bxe1
Be8 42. Bb4 Qd4 43. Bxa3 Nd7 44. Bc1 Ne5 45. Qe4 Qd6 46. Bxf4 1-0

[Event "Mondiale Lampo FIDE 2019"]
[Site "Mosca"]
[Date "30.12.2019"]
[Round "14.80"]
[White "Ismagambetov, Anuar"]
[Black "Yanchenko, Roman"]
[Result "1-0"]
[WhiteTitle "GM"]
[BlackTitle "FM"]
[WhiteElo "2528"]
[BlackElo "2463"]
[WhiteFideId "13701525"]
[BlackFideId "4137329"]
[EventDate "2019.12.29"]

1. e4 e6 2. d3 d5 3. Nd2 Nf6 4. g3 c5 5. Bg2 Nc6 6. Ngf3 g6 7. O-O Bg7 8. Re1
O-O 9. Qe2 b5 10. Nf1 Bb7 11. e5 Nd7 12. Bf4 a5 13. h4 h6 14. N1h2 b4 15. Qd2 h5
16. g4 hxg4 17. Nxg4 Nd4 18. Bg5 Nxf3+ 19. Bxf3 Qc7 20. Bf6 Nxf6 21. exf6 Bh8
22. h5 e5 23. Qh6 Rfe8 24. hxg6 fxg6 25. Qxg6+ Kf8 26. Qh6+ Kg8 27. Qg5+ Kf8 28.
Nxe5 Rxe5 29. Rxe5 Qf7 30. Qh6+ 1-0

[Event "Mondiale Lampo FIDE 2019"]
[Site "Mosca"]
[Date "30.12.2019"]
[Round "14.81"]
[White "Gukesh, D"]
[Black "Zarnicki, Pablo"]
[Result "0-1"]
[WhiteTitle "GM"]
[BlackTitle "GM"]
[WhiteElo "2547"]
[BlackElo "2514"]
[WhiteFideId "46616543"]
[BlackFideId "100137"]
[EventDate "2019.12.29"]

1. Nf3 Nf6 2. g3 g6 3. Bg2 Bg7 4. O-O O-O 5. c4 c5 6. Nc3 Nc6 7. d4 cxd4 8. Nxd4
Nxd4 9. Qxd4 d6 10. Bg5 a6 11. Rfd1 Qa5 12. Qd2 Re8 13. Bxf6 exf6 14. Nd5 Qd8
15. Rac1 Rb8 16. e3 Bg4 17. Re1 Be6 18. Nf4 f5 19. Red1 b5 20. cxb5 axb5 21. b3
Be5 22. Nd3 Qb6 23. Rc6 Qa7 24. Nb4 Rbc8 25. Rdc1 Rxc6 26. Rxc6 Qa5 27. Ra6 Qc7
28. Nd5 Qc5 29. Rc6 Qa3 30. Nc7 Rb8 31. Nxe6 fxe6 32. f4 Bg7 33. Rxd6 Bc3 34.
Qd3 Qc1+ 35. Bf1 Re8 36. a4 bxa4 37. bxa4 Qa1 38. Qc4 Kf7 39. Rc6 Bd2 40. Rc7+
Re7 41. Rxe7+ Kxe7 42. Qc7+ Ke8 43. Qc8+ Ke7 44. Qc7+ Ke8 45. Qb6 Ke7 46. Qc5+
Ke8 47. Kg2 Qe1 48. Bb5+ Kf7 49. Qc7+ Kf6 50. Qd8+ Kg7 51. Qe7+ Kh6 52. Qg5+ Kg7
53. Qe7+ Kh6 54. Kh3 Qd1 55. Qf8+ Kh5 56. Qf6 Qg4+ 57. Kg2 Kh6 58. h3 Qd1 59.
Qf8+ Kh5 60. g4+ fxg4 61. Qc5+ Kh6 62. Qg5+ Kg7 63. hxg4 Kf7 64. a5 Bxe3 65. a6
Qg1+ 66. Kf3 Qf2+ 67. Ke4 Bb6 68. f5 exf5+ 69. gxf5 Qd4+ 70. Kf3 Qc3+ 71. Ke2
Qb2+ 72. Kf3 Qb3+ 73. Kg2 Qb2+ 74. Kf3 Qc3+ 75. Ke2 Qe5+ 76. Kf3 Qd5+ 77. Kg3
Bc7+ 78. Kf2 Qd4+ 79. Qe3 Qb2+ 80. Be2 Bb6 81. fxg6+ hxg6 82. a7 Bxe3+ 0-1

[Event "Mondiale Lampo FIDE 2019"]
[Site "Mosca"]
[Date "30.12.2019"]
[Round "14.82"]
[White "Shcherbakov, Ruslan"]
[Black "Batchuluun, Tsegmed"]
[Result "1/2-1/2"]
[WhiteTitle "GM"]
[BlackTitle "GM"]
[WhiteElo "2527"]
[BlackElo "2530"]
[WhiteFideId "4102240"]
[BlackFideId "4900847"]
[EventDate "2019.12.29"]

1. e4 e5 2. Nf3 Nc6 3. Bc4 Bc5 4. c3 Nf6 5. d3 d6 6. Nbd2 h6 7. h3 a6 8. a4 O-O
9. O-O Ba7 10. Bb3 Be6 11. Bc2 Re8 12. Re1 d5 13. b4 d4 14. Bb2 dxc3 15. Bxc3
Qd6 16. Qb1 Nd4 17. Bxd4 Bxd4 18. Nxd4 Qxd4 19. Nf3 Qd6 20. d4 Nh7 21. dxe5 Qe7
22. Qc1 Ng5 23. Nh2 Nh7 24. f4 Rad8 25. Nf3 Bd7 26. Rb1 g5 27. Kh1 gxf4 28. Qxf4
Ng5 29. Bb3 Be6 30. Bxe6 fxe6 31. Nxg5 Qxg5 32. Qxg5+ hxg5 33. Rbc1 c6 34. Rc3
Rd4 35. Rg3 Rxb4 36. Rxg5+ Kh7 37. Re3 Re7 38. Reg3 Kh8 39. Rg8+ Kh7 40. R8g4
Kh8 41. Rh4+ Rh7 42. Rf4 Re7 43. a5 Rb5 44. Rg5 Rxa5 45. Rh4+ Rh7 46. Rhg4 Re7
47. Rh4+ Rh7 48. Rhg4 Re7 49. Rh4+ Rh7 50. Rhg4 1/2-1/2

[Event "Mondiale Lampo FIDE 2019"]
[Site "Mosca"]
[Date "30.12.2019"]
[Round "14.83"]
[White "Carlsson, Pontus"]
[Black "Tsvetkov, Andrey"]
[Result "0-1"]
[WhiteTitle "GM"]
[BlackTitle "FM"]
[WhiteElo "2456"]
[BlackElo "2350"]
[WhiteFideId "1705814"]
[BlackFideId "34139360"]
[EventDate "2019.12.29"]

1. e4 c5 2. Nf3 d6 3. Bb5+ Nd7 4. d4 cxd4 5. Qxd4 a6 6. Bxd7+ Bxd7 7. Nc3 e5 8.
Qd3 h6 9. O-O Nf6 10. Rd1 Be7 11. Nd2 b5 12. a4 b4 13. Nd5 Nxd5 14. exd5 O-O 15.
Nc4 Rc8 16. Be3 Bf5 17. Qe2 Qc7 18. b3 Bg6 19. Rac1 f5 20. f3 f4 21. Bb6 Qb7 22.
a5 Rfe8 23. Qd2 e4 24. Qxb4 exf3 25. gxf3 Qd7 26. Qd2 Qh3 27. Qg2 Qh5 28. Qg4
Qxg4+ 29. fxg4 f3 30. Re1 Bh4 31. Bf2 Bg5 32. Ra1 Rxe1+ 33. Rxe1 Bxc2 34. Nxd6
Rd8 35. Re8+ Rxe8 36. Nxe8 Bxb3 37. Nc7 Bd2 38. d6 Bxa5 39. Nxa6 Kf7 40. Nc5 Bd5
41. d7 Ke7 42. Bd4 g5 43. Kf2 Bb6 44. Nb3 0-1

[Event "Mondiale Lampo FIDE 2019"]
[Site "Mosca"]
[Date "30.12.2019"]
[Round "14.84"]
[White "Kryakvin, Dmitry"]
[Black "Sek, Konstantin"]
[Result "0-1"]
[WhiteTitle "GM"]
[WhiteElo "2596"]
[BlackElo "2446"]
[WhiteFideId "4153278"]
[BlackFideId "24104302"]
[EventDate "2019.12.29"]

1. d4 Nf6 2. c4 e6 3. Nf3 c5 4. d5 exd5 5. cxd5 d6 6. Nc3 g6 7. Nd2 Bg7 8. Nc4
O-O 9. Bf4 Ne8 10. Qd2 Bxc3 11. bxc3 b5 12. Ne3 f5 13. h4 Nf6 14. f3 Nh5 15. Bg5
Qe8 16. g4 fxg4 17. fxg4 Ng3 18. Rg1 Ne4 19. Qd3 Nxg5 20. hxg5 Qe5 21. O-O-O
Qxg5 22. Kb1 Nd7 23. Nc2 Ne5 24. Qe3 Qxe3 25. Nxe3 Rf4 26. Bh3 Bd7 27. Rdf1 Re4
28. Rg3 Rf8 29. Rxf8+ Kxf8 30. g5 Bxh3 31. Rxh3 Nf7 32. Rg3 Nxg5 33. Kc2 Nf7 34.
Rf3 Kg7 35. Kd2 h5 36. c4 bxc4 37. Nd1 h4 38. Ra3 Re7 39. Nf2 Ne5 40. Nh3 Kf6
41. Ra6 Nf7 42. Nf2 g5 43. e4 Kg6 44. Ke3 Kh5 45. Kf3 Ne5+ 46. Kg2 Rd7 47. Nd1
g4 48. Ne3 Kg5 49. Nf5 c3 0-1

[Event "Mondiale Lampo FIDE 2019"]
[Site "Mosca"]
[Date "30.12.2019"]
[Round "14.85"]
[White "Yagupov, Igor"]
[Black "Dragnev, Valentin"]
[Result "0-1"]
[WhiteTitle "GM"]
[BlackTitle "GM"]
[WhiteElo "2357"]
[BlackElo "2553"]
[WhiteFideId "4113632"]
[BlackFideId "1634852"]
[EventDate "2019.12.29"]

1. e4 e5 2. Nf3 d6 3. d4 exd4 4. Nxd4 Nf6 5. Nc3 Be7 6. Bc4 O-O 7. O-O Re8 8.
Re1 Nbd7 9. h3 Ne5 10. Bf1 Bf8 11. Bg5 h6 12. Bh4 c6 13. Qd2 Bd7 14. Rad1 Ng6
15. Bg3 Nh5 16. Bh2 Qf6 17. Re3 Rad8 18. Rf3 Qg5 19. Bc4 Nf6 20. Qxg5 hxg5 21.
Nf5 b5 22. Bb3 b4 23. Nb1 d5 24. exd5 cxd5 25. Bc7 Rc8 26. Bd6 Bxf5 27. Bxf8 Be4
28. Rxf6 gxf6 29. Bxb4 Bxc2 30. Bxc2 Rxc2 31. Bc3 d4 32. Bxd4 Rd8 33. Nc3 Nf4
34. Kh2 Ne6 35. Bxf6 Rxd1 36. Nxd1 Rd2 37. Ne3 Rxf2 38. Ng4 Rc2 39. a4 Kh7 40.
Kg3 Kg6 41. Bc3 Nf4 42. Ne3 Rc1 43. h4 Ne2+ 44. Kg4 Nxc3 45. bxc3 Rxc3 46. h5+
Kh7 47. Nf5 f6 48. Nd6 Rd3 49. Ne4 Kg7 50. Kf5 Rd5+ 0-1

[Event "Mondiale Lampo FIDE 2019"]
[Site "Mosca"]
[Date "30.12.2019"]
[Round "14.86"]
[White "Guimaraes, Diogo Duarte"]
[Black "Vishnu Prasanna, V"]
[Result "0-1"]
[WhiteTitle "FM"]
[BlackTitle "GM"]
[WhiteElo "2322"]
[BlackElo "2493"]
[WhiteFideId "2112450"]
[BlackFideId "5030692"]
[EventDate "2019.12.29"]

1. e4 c5 2. Nf3 d6 3. c3 Nf6 4. Be2 Nbd7 5. d3 g6 6. O-O b6 7. a4 Bg7 8. Na3 O-O
9. Re1 Bb7 10. a5 Bc6 11. Bf1 bxa5 12. Nc4 a4 13. e5 Ne8 14. exd6 Nxd6 15. Bg5
Nf6 16. Nfe5 Bb5 17. Qf3 Qc7 18. Na3 Ba6 19. Qc6 Rfc8 20. Qxa4 Bb7 21. Qh4 Nf5
22. Qh3 Nd5 23. Nb5 Qb6 24. c4 Nb4 25. Ng4 Nc2 26. Bxe7 Nxa1 27. Bf6 Bxf6 0-1

[Event "Mondiale Lampo FIDE 2019"]
[Site "Mosca"]
[Date "30.12.2019"]
[Round "14.87"]
[White "Atabayev, Maksat"]
[Black "Moiseenko, Vadim"]
[Result "1-0"]
[WhiteTitle "GM"]
[BlackTitle "GM"]
[WhiteElo "2475"]
[BlackElo "2526"]
[WhiteFideId "14001101"]
[BlackFideId "4123700"]
[EventDate "2019.12.29"]

1. Nf3 Nf6 2. b3 g6 3. Bb2 Bg7 4. e3 O-O 5. Be2 b6 6. O-O Bb7 7. c4 d6 8. Nc3
Nbd7 9. d4 e6 10. Qc2 a6 11. Nd2 Qe7 12. Bf3 c6 13. Rfe1 e5 14. g3 Rac8 15. Bg2
b5 16. Rad1 h5 17. h3 Rfd8 18. a4 Nf8 19. Qb1 Ne6 20. axb5 cxb5 21. Nd5 Nxd5 22.
cxd5 Nc7 23. dxe5 dxe5 24. e4 Ne8 25. h4 Nd6 26. Ba3 Qd7 27. Bb4 Ra8 28. Ba5 Rf8
29. Nf3 Qe7 30. Rc1 Rfc8 31. Bh3 Rxc1 32. Rxc1 Bh6 33. Rc7 Qf6 34. Kg2 Bc8 35.
Bxc8 Rxc8 36. Rxc8+ Nxc8 37. Bc3 Qe7 38. Bxe5 Nb6 39. Qd3 Nd7 40. Bd4 Bg7 41.
Bxg7 Kxg7 42. Qd4+ Kg8 43. b4 f6 44. Qa7 Qd6 45. Qa8+ Kf7 46. Qh8 Qf8 47. Qh7+
Qg7 48. Qxg7+ Kxg7 49. Nd4 Kf7 50. Nc6 f5 51. e5 Nb6 52. e6+ Kf6 53. e7 Kf7 54.
d6 Ke8 55. Nd8 a5 56. bxa5 Nc8 57. Nb7 b4 58. a6 Kd7 59. Nc5+ 1-0

[Event "Mondiale Lampo FIDE 2019"]
[Site "Mosca"]
[Date "30.12.2019"]
[Round "14.88"]
[White "Mesropov, Konstantin"]
[Black "Mozharov, Mikhail"]
[Result "1-0"]
[WhiteTitle "IM"]
[BlackTitle "GM"]
[WhiteElo "2422"]
[BlackElo "2558"]
[WhiteFideId "4116887"]
[BlackFideId "4189825"]
[EventDate "2019.12.29"]

1. d4 g6 2. e4 Bg7 3. Be3 d6 4. Nc3 a6 5. a4 b6 6. Qd2 Bb7 7. f3 Nd7 8. h4 h6 9.
Bc4 e6 10. Nge2 Ne7 11. Nf4 e5 12. Nfe2 c6 13. Ba2 b5 14. h5 g5 15. dxe5 dxe5
16. O-O-O Bc8 17. Ng3 Qc7 18. Nf5 Nxf5 19. exf5 Nf6 20. g4 O-O 21. Bc5 Re8 22.
Ne4 Nd5 23. a5 Bb7 24. Kb1 Rad8 25. Qe1 f6 26. Bb6 Qb8 27. Bxd8 Rxd8 28. Nc5 Bc8
29. Qe4 Qa8 30. Ne6 Rd6 31. Nc7 Qb8 32. Nxd5 cxd5 33. Rxd5 1-0

[Event "Mondiale Lampo FIDE 2019"]
[Site "Mosca"]
[Date "30.12.2019"]
[Round "14.89"]
[White "Studer, Noel"]
[Black "Tran, Tuan Minh"]
[Result "0-1"]
[WhiteTitle "GM"]
[BlackTitle "GM"]
[WhiteElo "2546"]
[BlackElo "2529"]
[WhiteFideId "1319620"]
[BlackFideId "12401820"]
[EventDate "2019.12.29"]

1. d4 Nf6 2. c4 e6 3. Nf3 b6 4. g3 Bb7 5. Bg2 Be7 6. O-O O-O 7. Re1 c5 8. d5
exd5 9. Nh4 Ne4 10. cxd5 Bxh4 11. Bxe4 Bf6 12. Nc3 d6 13. Bf4 Qe7 14. Qc2 h6 15.
Bg2 Nd7 16. Rad1 a6 17. a4 Rac8 18. Bh3 Rcd8 19. Qf5 Bc8 20. Qc2 Be5 21. Bc1 Nf6
22. Bg2 Rfe8 23. e3 Bg4 24. Rd2 Rb8 25. Qd3 Qb7 26. f4 Bxc3 27. bxc3 b5 28. axb5
axb5 29. e4 Bh5 30. Qf1 Bg6 31. Rde2 Nd7 32. Bh3 c4 33. Ba3 Qc7 34. Qf2 f6 35.
Bb4 Bf7 36. Ra2 Ra8 37. Rea1 Rxa2 38. Rxa2 Nc5 39. Bxc5 dxc5 40. Bg2 b4 41. Qf1
bxc3 42. Qxc4 Qb6 43. Qxc3 Qb1+ 44. Bf1 Qxa2 45. Qxc5 Rxe4 46. Qc8+ Re8 47. Qh3
Qa7+ 48. Kh1 Bxd5+ 49. Bg2 Re1# 0-1

[Event "Mondiale Lampo FIDE 2019"]
[Site "Mosca"]
[Date "30.12.2019"]
[Round "14.90"]
[White "Lobanov, Sergei"]
[Black "Krsnik Cohar, Ivan Vihor"]
[Result "1-0"]
[WhiteTitle "IM"]
[BlackTitle "FM"]
[WhiteElo "2504"]
[BlackElo "2313"]
[WhiteFideId "24183750"]
[BlackFideId "14520044"]
[EventDate "2019.12.29"]

1. e4 c6 2. d4 d5 3. e5 Bf5 4. Nf3 e6 5. Be2 Bb4+ 6. Nbd2 Ne7 7. O-O Ba5 8. Ne1
Nd7 9. Nd3 h6 10. a4 O-O 11. Nb3 Bc7 12. Be3 b6 13. a5 f6 14. f4 fxe5 15. fxe5
Be4 16. Nf4 Nf5 17. Bf2 Qg5 18. g3 Rae8 19. Nd2 c5 20. Bb5 Rf7 21. axb6 Bxb6 22.
Bxd7 Rxd7 23. dxc5 Nxg3 24. hxg3 Bxc5 25. Nxe4 dxe4 26. Qxd7 Bxf2+ 27. Kxf2 Re7
28. Qd4 h5 29. Rh1 Rc7 30. c3 Rb7 31. b4 Rf7 32. Qxe4 Rf5 33. Rxa7 Rxe5 34. Qa8+
Kh7 35. Rxh5+ 1-0

[Event "Mondiale Lampo FIDE 2019"]
[Site "Mosca"]
[Date "30.12.2019"]
[Round "14.91"]
[White "Faizrakhmanov, Ramil"]
[Black "Kovalev, Vladislav"]
[Result "0-1"]
[WhiteTitle "IM"]
[BlackTitle "GM"]
[WhiteElo "2434"]
[BlackElo "2662"]
[WhiteFideId "24103209"]
[BlackFideId "13504398"]
[EventDate "2019.12.29"]

1. d4 Nf6 2. c4 e5 3. dxe5 Ng4 4. Nf3 Bc5 5. e3 Nc6 6. Nc3 O-O 7. Be2 Ngxe5 8.
O-O Nxf3+ 9. Bxf3 Ne5 10. Be2 Re8 11. b3 a5 12. Na4 Bf8 13. c5 d5 14. Bb2 Bf5
15. Rc1 c6 16. Nb6 Ra7 17. Bd4 Nd7 18. Nxd7 Qxd7 19. a3 Be4 20. f3 Bf5 21. Qd2
h5 22. Rfe1 Qe7 23. Bf1 Qg5 24. Rcd1 Be7 25. Qf2 Bd8 26. Qg3 Qxg3 27. hxg3 Bc2
28. Rd2 Bxb3 29. Rb1 a4 30. Bd3 Ba5 31. Rdb2 Bc7 32. Kf2 Be5 33. Bc2 Bxd4 34.
exd4 Bxc2 35. Rxc2 Re7 36. Re2 Rxe2+ 37. Kxe2 Kf8 38. Kd3 g6 39. Rb2 Ke7 40. Rb1
Kf6 41. Ke3 Kg5 42. Kf2 h4 43. gxh4+ Kxh4 44. Rb2 f5 45. Rb1 Kg5 46. Rb2 f4 47.
Rb1 Kf5 48. Rb2 g5 49. Ke2 Kg6 50. Rb1 Kh5 51. Rh1+ Kg6 52. Rb1 Kf6 53. Rb2 Ke6
54. Rb1 Kd7 55. Kd3 Kc7 56. Re1 Ra5 57. Re7+ Kc8 58. Rg7 Rb5 59. Rxg5 Rb3+ 60.
Ke2 Rxa3 61. Rg4 Ra2+ 62. Kd3 a3 63. Kc3 Rf2 64. Rxf4 Kb8 65. Rh4 Rxg2 66. Kb3
a2 67. Rh1 Rd2 68. Kc3 Rf2 69. Kb3 Rxf3+ 70. Kxa2 Rc3 71. Kb2 Rc4 72. Rh4 Ka7
73. Kb3 Ka6 74. Rg4 Kb5 75. Rh4 b6 76. cxb6 Kxb6 77. Rg4 Kb5 78. Rh4 c5 79. Rh8
Rxd4 80. Rb8+ Kc6 81. Rc8+ Kd6 82. Kc3 Rc4+ 83. Kd3 Kd7 84. Rh8 Rg4 85. Rh6 Rg3+
86. Kd2 Rg4 87. Kd3 Rd4+ 88. Kc3 Re4 89. Kd3 Re6 90. Rh8 Kd6 91. Rd8+ Ke5 92.
Rh8 Rg6 93. Rh5+ Kd6 94. Rh8 Rg3+ 95. Kd2 c4 96. Rc8 Ke5 97. Rh8 Kd4 98. Rh4+
Kc5 99. Rh8 Rg2+ 100. Kd1 d4 0-1

[Event "Mondiale Lampo FIDE 2019"]
[Site "Mosca"]
[Date "30.12.2019"]
[Round "14.92"]
[White "Belousov, Danila"]
[Black "Novikov, Stanislav"]
[Result "0-1"]
[WhiteTitle "FM"]
[BlackTitle "GM"]
[WhiteElo "2274"]
[BlackElo "2531"]
[WhiteFideId "4167350"]
[BlackFideId "4125371"]
[EventDate "2019.12.29"]

1. e4 g6 2. h4 h6 3. d4 Bg7 4. Nc3 c6 5. Be3 b5 6. a3 d6 7. Qd2 Qc7 8. f4 Nf6 9.
Nf3 Nbd7 10. e5 Ng4 11. h5 Nxe3 12. Qxe3 g5 13. O-O-O gxf4 14. Qxf4 dxe5 15. Qg3
Kf8 16. Kb1 a5 17. Rh4 b4 18. Na4 bxa3 19. b3 Rb8 20. Ka2 Rb4 21. dxe5 Rxh4 22.
Qxh4 Bxe5 23. Bc4 Bf6 24. Qe4 Bb7 25. Nd4 c5 26. Ne6+ fxe6 27. Qxe6 Ne5 28. Nxc5
Nxc4 29. Nd7+ Kg7 30. Qg4+ Bg5 31. Qd4+ e5 32. Qg4 Rd8 33. Qe6 Qc6 34. Qf5 Nb6
35. Nc5 Rxd1 36. Ne6+ Qxe6 37. Qxe6 Nd5 38. Qd7+ Kf6 39. Qxb7 Nb4+ 40. Kxa3
Nxc2+ 41. Kb2 Nd4 42. g4 Rd2+ 43. Kb1 Ke6 44. Qe4 Kd6 45. Qb7 Kc5 46. Qe4 Kb4
47. Qd5 0-1

[Event "Mondiale Lampo FIDE 2019"]
[Site "Mosca"]
[Date "30.12.2019"]
[Round "14.93"]
[White "Gundavaa, Bayarsaikhan"]
[Black "Blohberger, Felix"]
[Result "0-1"]
[WhiteTitle "GM"]
[BlackTitle "IM"]
[WhiteElo "2489"]
[BlackElo "2434"]
[WhiteFideId "4901045"]
[BlackFideId "1632051"]
[EventDate "2019.12.29"]

1. Nf3 d5 2. e3 Nf6 3. c4 c6 4. Nc3 a6 5. b3 Bf5 6. Bb2 e6 7. Be2 h6 8. O-O Be7
9. d4 O-O 10. Bd3 Bxd3 11. Qxd3 Nbd7 12. e4 dxe4 13. Nxe4 Nxe4 14. Qxe4 Qa5 15.
a3 Nf6 16. Qe2 Rad8 17. Rfd1 Qb6 18. Rd3 Rfe8 19. Rad1 Qa5 20. b4 Qc7 21. Ne5 a5
22. c5 axb4 23. axb4 Nd7 24. Nc4 b5 25. Na5 Nf6 26. Bc1 Rd7 27. Qf3 Nd5 28. Bd2
Bf6 29. g3 Red8 30. Be1 Ne7 31. Bc3 Rd5 32. Kg2 Nf5 33. Qe4 Qd7 34. f4 Bxd4 35.
Bxd4 Nxd4 36. Rxd4 Rxd4 37. Rxd4 Qxd4 38. Qxd4 Rxd4 39. Nxc6 Rc4 40. Kf3 f6 41.
Ke3 Kf8 42. Kd3 Ke8 43. Nd4 Rxb4 44. Nxe6 Rc4 45. Nc7+ Kd7 46. Nxb5 Rxc5 47. Nd4
Ke7 48. Ke4 Kf7 49. Nf5 Rc4+ 50. Kf3 Rc3+ 51. Kg4 Rc2 52. h4 Rd2 53. h5 Rd5 54.
Ne3 Rc5 55. Nf5 Rc7 56. Kf3 Ke6 57. Kg4 Rd7 58. Nh4 Rd5 59. Ng6 f5+ 60. Kf3 Rd1
61. Kg2 Rd2+ 62. Kf3 Rh2 63. Nh4 Rxh4 64. gxh4 Kd5 65. Ke3 0-1

[Event "Mondiale Lampo FIDE 2019"]
[Site "Mosca"]
[Date "30.12.2019"]
[Round "14.94"]
[White "Tengis, Tsog-Ochir"]
[Black "Tregubov, Pavel V."]
[Result "0-1"]
[WhiteTitle "FM"]
[BlackTitle "GM"]
[WhiteElo "2190"]
[BlackElo "2588"]
[WhiteFideId "4902718"]
[BlackFideId "4115341"]
[EventDate "2019.12.29"]

1. Nf3 c5 2. c4 Nc6 3. b3 e5 4. Bb2 d6 5. d3 Nf6 6. Nbd2 Be7 7. h3 O-O 8. g4 Ne8
9. Bg2 Nc7 10. Ne4 Ne6 11. e3 a6 12. h4 b5 13. g5 Bb7 14. Qe2 bxc4 15. dxc4 a5
16. Rd1 Qb8 17. h5 Nb4 18. Ned2 Nxg5 19. a3 Nxf3+ 20. Nxf3 Nc6 21. Nd2 Nd8 22.
Bd5 Bxd5 23. cxd5 f5 24. f4 Bf6 25. fxe5 Bxe5 26. Bxe5 dxe5 27. Kf2 Nf7 28. Rdg1
Nd6 29. Qf3 Ra7 30. Qg3 f4 31. exf4 Rxf4+ 32. Ke1 Qf8 33. Qe3 Nf5 34. Qd3 Nd4
35. Rf1 Raf7 36. Rxf4 Rxf4 37. Qc4 Nf3+ 38. Ke2 Rxc4 39. Nxc4 Nd4+ 40. Kd2 Qf4+ 0-1

[Event "Mondiale Lampo FIDE 2019"]
[Site "Mosca"]
[Date "30.12.2019"]
[Round "14.95"]
[White "Mamatov, Melis"]
[Black "Deviatkin, Andrei"]
[Result "0-1"]
[BlackTitle "GM"]
[WhiteElo "2292"]
[BlackElo "2436"]
[WhiteFideId "13800027"]
[BlackFideId "4121260"]
[EventDate "2019.12.29"]

1. e4 c6 2. d4 d5 3. Nd2 h6 4. Ngf3 dxe4 5. Nxe4 Bf5 6. Bd3 e6 7. Bf4 Bxe4 8.
Bxe4 Nf6 9. Bd3 Bd6 10. Qd2 Bxf4 11. Qxf4 Nbd7 12. O-O-O Qa5 13. Kb1 Rf8 14. c4
O-O-O 15. Rhe1 Qc7 16. Qd2 c5 17. Qc3 cxd4 18. Nxd4 a6 19. Be2 Nc5 20. Bf3 Rd6
21. b4 Na4 22. Qb3 Rfd8 23. Nc2 Rxd1+ 24. Rxd1 Rxd1+ 25. Bxd1 Nb6 26. c5 Nbd5
27. g3 Qe5 28. Bf3 Ne4 29. Bxe4 Qxe4 30. Qe3 Nxe3 0-1

[Event "Mondiale Lampo FIDE 2019"]
[Site "Mosca"]
[Date "30.12.2019"]
[Round "14.96"]
[White "Zarubitski, Viachaslau"]
[Black "Mikhailovsky, Vladimir"]
[Result "1-0"]
[WhiteTitle "IM"]
[BlackTitle "CM"]
[WhiteElo "2451"]
[BlackElo "2209"]
[WhiteFideId "13509373"]
[BlackFideId "34105414"]
[EventDate "2019.12.29"]

1. a3 d5 2. d4 Nf6 3. Nf3 Bf5 4. Bf4 e6 5. e3 c6 6. Be2 Bd6 7. Bxd6 Qxd6 8. c4
Nbd7 9. Nc3 O-O 10. O-O h6 11. Rc1 Rfe8 12. Qb3 b6 13. Rfd1 Rac8 14. h3 dxc4 15.
Bxc4 Qb8 16. Re1 Ne4 17. Ba6 Rc7 18. Nxe4 Bxe4 19. Nd2 Bg6 20. Be2 c5 21. d5
exd5 22. Qxd5 Nf6 23. Qb3 Rd8 24. Nf3 Rcd7 25. Bb5 Rd6 26. Ne5 Kh7 27. Nc6 Rxc6
28. Bxc6 Rd3 29. Qc4 Qd6 30. Bf3 Nd7 31. Red1 Ne5 32. Rxd3 Nxd3 33. Rd1 Nxb2 34.
Rxd6 Nxc4 35. Rd7 a5 36. a4 Nb2 37. Bc6 c4 38. Bd5 Bc2 39. Rc7 Bxa4 40. Bxc4 f5
41. Be6 Kg6 42. Rb7 b5 43. Bd7 Nc4 44. Bxb5 Bxb5 45. Rxb5 Kf6 46. Rc5 Nd6 47.
Rxa5 Ne4 48. Kf1 g5 49. Ke2 Nc3+ 50. Kd3 Ne4 51. f3 Ng3 52. Ra6+ Kg7 53. Kd4 Nf1
54. e4 f4 55. Ke5 Ne3 56. Ra2 h5 57. Re2 Kf7 58. h4 Nc4+ 59. Kd4 Nd6 60. hxg5
Kg6 61. Ke5 Nf7+ 62. Kxf4 Nxg5 63. Kg3 Ne6 64. Ra2 Nd4 65. Ra6+ Kg5 66. f4# 1-0

[Event "Mondiale Lampo FIDE 2019"]
[Site "Mosca"]
[Date "30.12.2019"]
[Round "14.97"]
[White "Tissir, Mohamed"]
[Black "Thing, Bibek"]
[Result "0-1"]
[WhiteTitle "IM"]
[BlackTitle "CM"]
[WhiteElo "2379"]
[BlackElo "2222"]
[WhiteFideId "9000240"]
[BlackFideId "12303135"]
[EventDate "2019.12.29"]

1. e4 c5 2. Nc3 g6 3. Nf3 Bg7 4. d4 cxd4 5. Nxd4 a6 6. Be3 b5 7. a4 bxa4 8. Rxa4
d6 9. Bd3 Nf6 10. h3 O-O 11. O-O Nfd7 12. Qe2 Nc5 13. Ra3 Bb7 14. Nb3 Nxd3 15.
cxd3 Nc6 16. Nd5 Rb8 17. Bb6 Qd7 18. Rfa1 e6 19. Nc3 d5 20. Nc5 Qc8 21. exd5
exd5 22. Nxd5 Nd4 23. Ne7+ Kh8 24. Qd1 Qe8 25. Nxb7 Rxb7 26. Bxd4 Bxd4 27. Rxa6
Qxe7 0-1

[Event "Mondiale Lampo FIDE 2019"]
[Site "Mosca"]
[Date "30.12.2019"]
[Round "14.98"]
[White "Usov, Aleksandr E."]
[Black "Luukkonen, Tommi"]
[Result "0-1"]
[BlackTitle "FM"]
[WhiteElo "2012"]
[BlackElo "2290"]
[WhiteFideId "24257109"]
[BlackFideId "501808"]
[EventDate "2019.12.29"]

1. e4 c5 2. Nf3 d6 3. Bb5+ Nd7 4. O-O Nf6 5. Re1 a6 6. Bf1 b6 7. d4 cxd4 8. Nxd4
Bb7 9. f3 e6 10. c4 Be7 11. Nc3 O-O 12. Be3 Rc8 13. Qe2 Ne5 14. b3 b5 15. f4
Neg4 16. h3 Nxe3 17. Qxe3 bxc4 18. Bxc4 Qb6 19. Kh1 Rfe8 20. Nf5 Qd8 21. Nxe7+
Qxe7 22. Rad1 Qc7 23. e5 Qc6 24. Rd2 dxe5 25. fxe5 Nd7 26. Qd4 Nb6 27. Re4 Qc7
28. Rg4 Red8 29. Qe3 Rxd2 30. Qxd2 Qxe5 31. Qf2 Nxc4 0-1

[Event "Mondiale Lampo FIDE 2019"]
[Site "Mosca"]
[Date "30.12.2019"]
[Round "14.99"]
[White "Gurvich, Vitaly"]
[Black "Al Thebaiti, Ahmed M"]
[Result "1-0"]
[WhiteTitle "FM"]
[BlackTitle "CM"]
[WhiteElo "2230"]
[BlackElo "1976"]
[WhiteFideId "24164852"]
[BlackFideId "21502390"]
[EventDate "2019.12.29"]

1. d4 d5 2. c4 dxc4 3. e4 Nf6 4. Nc3 e5 5. d5 c6 6. Bxc4 b5 7. Bb3 b4 8. Na4
cxd5 9. exd5 Bd6 10. Nf3 O-O 11. h3 Ba6 12. Nd2 e4 13. Nc4 Bxc4 14. Bxc4 Nbd7
15. O-O Qe7 16. Re1 Rfc8 17. Bb3 Qe5 18. f4 Qe7 19. Be3 g6 20. Qd2 Nh5 21. Rac1
Ng7 22. g4 h5 23. Qg2 Qh4 24. Bf2 Qf6 25. Rxc8+ Rxc8 26. Qxe4 Qxf4 27. Qxf4 Bxf4
28. Re7 Rc1+ 29. Kg2 Nf6 30. d6 hxg4 31. hxg4 Rc8 32. Bxf7+ Kf8 33. Bxg6 Rd8 34.
Rf7+ Kg8 35. Rxf6 Bg5 36. Rf3 Rxd6 37. Bf7+ Kh7 38. Rh3+ 1-0